<?xml version="1.0" encoding="UTF-8"?><?xml-stylesheet type="text/xsl" href="static/style.xsl"?><OAI-PMH xmlns="http://www.openarchives.org/OAI/2.0/" xmlns:xsi="http://www.w3.org/2001/XMLSchema-instance" xsi:schemaLocation="http://www.openarchives.org/OAI/2.0/ http://www.openarchives.org/OAI/2.0/OAI-PMH.xsd"><responseDate>2026-04-17T04:29:34Z</responseDate><request verb="GetRecord" identifier="oai:www.recercat.cat:2117/416766" metadataPrefix="marc">https://recercat.cat/oai/request</request><GetRecord><record><header><identifier>oai:recercat.cat:2117/416766</identifier><datestamp>2025-07-17T15:35:12Z</datestamp><setSpec>com_2072_1033</setSpec><setSpec>col_2072_452951</setSpec></header><metadata><record xmlns="http://www.loc.gov/MARC21/slim" xmlns:dcterms="http://purl.org/dc/terms/" xmlns:xsi="http://www.w3.org/2001/XMLSchema-instance" xmlns:doc="http://www.lyncode.com/xoai" xsi:schemaLocation="http://www.loc.gov/MARC21/slim http://www.loc.gov/standards/marcxml/schema/MARC21slim.xsd">
   <leader>00925njm 22002777a 4500</leader>
   <datafield ind2=" " ind1=" " tag="042">
      <subfield code="a">dc</subfield>
   </datafield>
   <datafield ind2=" " ind1=" " tag="720">
      <subfield code="a">Sabater Pereira, María</subfield>
      <subfield code="e">author</subfield>
   </datafield>
   <datafield ind2=" " ind1=" " tag="720">
      <subfield code="a">Tenet, Yannick</subfield>
      <subfield code="e">author</subfield>
   </datafield>
   <datafield ind2=" " ind1=" " tag="720">
      <subfield code="a">Slocik, Andrej</subfield>
      <subfield code="e">author</subfield>
   </datafield>
   <datafield ind2=" " ind1=" " tag="720">
      <subfield code="a">McGregor, Robbie</subfield>
      <subfield code="e">author</subfield>
   </datafield>
   <datafield ind2=" " ind1=" " tag="260">
      <subfield code="c">2024-05-06</subfield>
   </datafield>
   <datafield ind2=" " ind1=" " tag="520">
      <subfield code="a">Treball desenvolupat en el marc del programa "European Project Semester".</subfield>
   </datafield>
   <datafield ind2=" " ind1=" " tag="520">
      <subfield code="a">Throughout the 2024 European Project Semester at Glasgow Caledonian University, our team worked on a project for Howden, a global industrial company with a significant presence in Glasgow. Howden is renowned for manufacturing a wide range of industrial fans used across various sectors. The specific project we were tasked with was titled “Fan Blade Wear.” Our objective was to develop a computational tool that could predict wear on fan blades based on mechanical data. In this report, we will walk you through the comprehensive process we undertook during the fifteen weeks of this project to meet the objectives set by Howden and our academic supervisors. We begin with brief introductions of our team members and then provide a detailed context for the project. Next, we describe the project management methodologies we implemented to ensure effective progress toward our goals. Following this, we delve into the design-thinking phase, where we brainstormed and conceptualized our approach. We also recount our site visit to Howden's Glasgow factory. The subsequent section focuses on our research phase, a crucial step that informed the development of our predictive algorithm. We then explain how we created this algorithm to calculate fan blade wear, followed by a comparison of our results with data from Howden. We also discuss the Computational Fluid Dynamics (CFD) simulations we ran to validate our findings. In the final sections, we outline how the algorithm can be implemented in an industrial context and describe the design of the website that will support its application. The report concludes with our final thoughts and reflections on the project, summarizing the lessons learned and the outcomes achieved. Overall, this report is a comprehensive account of our journey through the European Project Semester, demonstrating our collaborative efforts and the innovative solutions we developed for Howden.</subfield>
   </datafield>
   <datafield ind2=" " ind1=" " tag="520">
      <subfield code="a">Outgoing</subfield>
   </datafield>
   <datafield tag="653" ind2=" " ind1=" ">
      <subfield code="a">Àrees temàtiques de la UPC::Enginyeria mecànica</subfield>
   </datafield>
   <datafield tag="653" ind2=" " ind1=" ">
      <subfield code="a">Àrees temàtiques de la UPC::Informàtica</subfield>
   </datafield>
   <datafield tag="653" ind2=" " ind1=" ">
      <subfield code="a">Fans (Machinery)</subfield>
   </datafield>
   <datafield tag="653" ind2=" " ind1=" ">
      <subfield code="a">Mechanical wear</subfield>
   </datafield>
   <datafield tag="653" ind2=" " ind1=" ">
      <subfield code="a">Ventiladors</subfield>
   </datafield>
   <datafield tag="653" ind2=" " ind1=" ">
      <subfield code="a">Desgast mecànic</subfield>
   </datafield>
   <datafield ind2="0" ind1="0" tag="245">
      <subfield code="a">Fan blade wear</subfield>
   </datafield>
</record></metadata></record></GetRecord></OAI-PMH>